América Latina: petróleo y política

Guardat en:
Dades bibliogràfiques
Autor corporatiu: Academia de Ciencias de la URSS
Format: Text
Publicat: Moscú: AC.URSS
Etiquetes: Afegir etiqueta
Sense etiquetes, Sigues el primer a etiquetar aquest registre!

MARC

LEADER 00000 a a2200000 04500
001 23063
003
040
090 |a 159000  
110 |a Academia de Ciencias de la URSS  
245 |a América Latina: petróleo y política  
260 |a Moscú:   |b AC.URSS  
300 |a 159 p; vol. 28   |b **no definido**  
999 |c 16764  |d 16764